00498nam a2200193 a 4500001001300000003000900013005001700022008004100039020002300080082001500103100001900118245003600137260003500173300000900208500003500217505001700252650001600269700001900285nice12345678IN_TiNIC20260116014821.0050524s2002 cama grp 000 0 eng  a0745691 c89500a305.4bPOL aPolity Press,  aPolity Reader in Gender Studies aCambridgebPolity Press c2002 a322p aincludes index and biblioraphy2 aBibliography aWomen-India1 aPolity Press,